[Event "IECC KO-1044"]
[Site "IECC email"]
[Date "2004.05.06"]
[Round "?"]
[White "Robinson, Keith"]
[Black "Van Gimst, Herman"]
[Result "0-1"]
[WhiteElo "1125"]
[BlackElo "1537"]
[PlyCount "98"]
[EventDate "2004.??.??"]
[EventType "match (corr)"]
[EventRounds "2"]
[SourceTitle "Corr 2020"]
[Source "ChessBase"]
[SourceDate "2019.09.30"]
[SourceVersion "1"]
[SourceVersionDate "2019.09.30"]
[SourceQuality "1"]
[WhiteTeam "Canada"]
[BlackTeam "Netherlands"]
[WhiteTeamCountry "CAN"]
[BlackTeamCountry "NED"]

1. e4 c5 2. d4 cxd4 3. c3 dxc3 4. Nxc3 e6 5. Nf3 Nc6 6. e5 d5 7. Bb5 a6 8. Bxc6+ bxc6 9. Nd4 c5 10. Nc6 Qb6 11. Qa4 Bd7 12. Qc2 Bxc6 13. 0-0 d4 14. Ne4 Rd8 15. Bg5 Rd7 16. f3 d3 17. Qf2 Bxe4 18. fxe4 Qb4 19. Rae1 Qd4 20. Qxd4 Rxd4 21. Bd2 c4 22. Rf3 Bc5 23. Kf1 Ne7 24. Be3 Nc6 25. Rg3 0-0 26. Bh6 g6 27. Bxf8 Kxf8 28. Rh3 h5 29. g4 hxg4 30. Rh8+ Ke7 31. Rc8 Kd7 32. Rg8 Nxe5 33. Rg7 Bb4 34. Rd1 Rxe4 35. a3 Bc5 36. Kg2 Re2+ 37. Kg3 Bf2+ 38. Kf4 Bh4 39. Rc1 g5+ 40. Rxg5 Rf2+ 41. Ke3 Bxg5+ 42. Kxf2 Bxc1 43. a4 Bxb2 44. Ke3 c3 45. Kf2 c2 46. h3 c1Q 47. Kg2 gxh3+ 48. Kxh3 Qg1 49. a5 d2 0-1

[Event "IECC KO-1034"]
[Site "IECC email"]
[Date "2004.02.12"]
[Round "?"]
[White "Robinson, Keith"]
[Black "Heyvaert, Philippe"]
[Result "0-1"]
[WhiteElo "1122"]
[BlackElo "1344"]
[PlyCount "96"]
[EventDate "2003.??.??"]
[EventType "match (corr)"]
[EventRounds "2"]
[SourceTitle "Corr 2020"]
[Source "ChessBase"]
[SourceDate "2019.09.30"]
[SourceVersion "1"]
[SourceVersionDate "2019.09.30"]
[SourceQuality "1"]
[WhiteTeam "Canada"]
[BlackTeam "Belgium"]
[WhiteTeamCountry "CAN"]
[BlackTeamCountry "BEL"]

1. e4 e6 2. e5 d6 3. d4 dxe5 4. dxe5 Qxd1+ 5. Kxd1 Nc6 6. Nf3 Bd7 7. Ng5 Nxe5 8. Bf4 Ng4 9. Ne4 0-0-0 10. f3 N8f6 11. Nbd2 Nd5 12. fxg4 Nxf4 13. Ng5 Be8 14. g3 Nd5 15. Ke2 Be7 16. Nge4 Bc6 17. c4 Nf6 18. Bg2 Rd4 19. Ke3 Rhd8 20. Rhf1 Bc5 21. Ke2 Nxe4 22. Nxe4 Bxe4 23. Bxe4 Rxe4+ 24. Kf3 Re3+ 25. Kg2 Re2+ 26. Kh3 Rdd2 27. Rh1 Rxb2 28. a4 e5 29. g5 e4 30. a5 e3 31. a6 bxa6 32. Rxa6 Ra2 33. Rxa2 Rxa2 34. g6 fxg6 35. Re1 h5 36. Kh4 Rxh2+ 37. Kg5 Bb4 38. Rxe3 Bd2 39. Kxg6 Bxe3 40. Kxg7 h4 41. gxh4 Rxh4 42. Kf6 Rxc4 43. Ke6 a5 44. Kf6 a4 45. Kg7 Rf4 46. Kh6 Rg4+ 47. Kh5 Rg8 48. Kh4 a3 0-1

[Event "IECC KO-1035"]
[Site "IECC email"]
[Date "2003.07.14"]
[Round "?"]
[White "Badenhorst, Jack"]
[Black "Robinson, Keith"]
[Result "1-0"]
[WhiteElo "1013"]
[BlackElo "1108"]
[PlyCount "113"]
[EventDate "2003.??.??"]
[EventType "match (corr)"]
[EventRounds "2"]
[SourceTitle "Corr 2020"]
[Source "ChessBase"]
[SourceDate "2019.09.30"]
[SourceVersion "1"]
[SourceVersionDate "2019.09.30"]
[SourceQuality "1"]
[WhiteTeam "Australia"]
[BlackTeam "Canada"]
[WhiteTeamCountry "AUS"]
[BlackTeamCountry "CAN"]

1. e4 e5 2. Nf3 Nf6 3. Nc3 Nc6 4. Bc4 h6 5. d3 Bc5 6. 0-0 Ng4 7. h3 Nf6 8. Bd2 d6 9. Nd5 Nd4 10. Nxd4 Bxd4 11. c3 Bc5 12. b4 Bb6 13. Nxb6 axb6 14. f4 Bd7 15. fxe5 dxe5 16. Qe2 b5 17. Bb3 Qc8 18. Be3 Be6 19. Bxe6 Qxe6 20. Rf5 Nd5 21. Bd2 Ne7 22. Rf2 Rxa2 23. Rxa2 Qxa2 24. Qh5 Qb1+ 25. Kh2 Ng6 26. Qf5 0-0 27. Qd7 Nf4 28. Bxf4 exf4 29. Rxf4 g5 30. Rf6 Kg7 31. Qd4 Kh7 32. Qd7 Kg7 33. Rf3 Qe1 34. Qxc7 g4 35. Rg3 h5 36. Qe5+ f6 37. Qxh5 Qxg3+ 38. Kxg3 gxh3 39. Qxh3 Rf7 40. c4 bxc4 41. dxc4 Re7 42. Kf4 Kf7 43. Qf5 Kg7 44. c5 Kf7 45. g4 Kg7 46. g5 Rf7 47. Ke3 fxg5 48. Qxg5+ Kh7 49. e5 Rf1 50. Qe7+ Kg6 51. Qxb7 Re1+ 52. Kd2 Rxe5 53. Qc6+ Kf5 54. b5 Re7 55. b6 Rg7 56. b7 Rg8 57. Qd5+ 1-0

[Event "IECC KO email"]
[Site "IECC email"]
[Date "2002.08.03"]
[Round "?"]
[White "Melo, Olavo"]
[Black "Robinson, Keith"]
[Result "0-1"]
[WhiteElo "1246"]
[BlackElo "1072"]
[PlyCount "62"]
[EventDate "2002.??.??"]
[EventType "tourn (corr)"]
[EventRounds "6"]
[SourceTitle "Corr 2008"]
[Source "ChessBase"]
[SourceDate "2008.06.24"]
[SourceVersion "1"]
[SourceVersionDate "2008.06.24"]
[SourceQuality "1"]

1. d4 d5 2. c4 dxc4 3. Nf3 b5 4. a4 c6 5. e3 e6 6. axb5 cxb5 7. b3 Bb4+ 8. Bd2 Bxd2+ 9. Nbxd2 a5 10. bxc4 b4 11. c5 Ne7 12. Bb5+ Bd7 13. Qa4 0-0 14. Ne5 Bxb5 15. Qxb5 f6 16. Nec4 Nbc6 17. Nd6 Rb8 18. Qc4 Qd7 19. 0-0 Kh8 20. Nb3 Ra8 21. e4 a4 22. Nc1 Rfb8 23. Rd1 Nd8 24. Ne2 a3 25. Rdb1 Ra4 26. Qb3 e5 27. d5 Ra5 28. Nc4 Rxc5 29. Nxa3 f5 30. f3 Qa7 31. Nc4 Ra5+ 0-1

[Event "IECC KO email"]
[Site "IECC email"]
[Date "2001.12.30"]
[Round "?"]
[White "Robinson, Keith"]
[Black "Badenhorst, Jack D"]
[Result "1-0"]
[WhiteElo "1077"]
[BlackElo "994"]
[PlyCount "123"]
[EventDate "2001.??.??"]
[EventType "tourn (corr)"]
[EventRounds "6"]
[SourceTitle "Corr 2008"]
[Source "ChessBase"]
[SourceDate "2008.06.24"]
[SourceVersion "1"]
[SourceVersionDate "2008.06.24"]
[SourceQuality "1"]

1. e4 e6 2. d4 d5 3. e5 c5 4. Be3 Qb6 5. b3 Nc6 6. Nf3 Bd7 7. c4 dxc4 8. Bxc4 cxd4 9. Bxd4 Nxd4 10. Nxd4 Bc5 11. Nf3 Bxf2+ 12. Kf1 Rd8 13. Ng5 Bh4 14. Ne4 Bc6 15. Qg4 Bxe4 16. Qxh4 Bd3+ 17. Bxd3 Rxd3 18. Na3 Qa6 19. Qc4 Qxc4 20. Nxc4 Ne7 21. Nd6+ Kd7 22. Nxb7 Kc7 23. Na5 Rhd8 24. Nc4 Rd1+ 25. Ke2 Rxh1 26. Rxh1 Nd5 27. Rc1 Nf4+ 28. Kf3 Nd3 29. Rc3 Kb8 30. Ke2 Nf4+ 31. Kf3 Rd3+ 32. Rxd3 Nxd3 33. Ke4 Nf2+ 34. Ke3 Ng4+ 35. Kf4 Nxh2 36. g4 f6 37. Ne3 fxe5+ 38. Kg3 Nxg4 39. Nxg4 Kc7 40. Nxe5 Kd6 41. Kf4 h6 42. Ke4 g5 43. Nf7+ Kc5 44. a3 g4 45. Nxh6 g3 46. Kf3 Kd4 47. b4 e5 48. Nf5+ Kc4 49. Nd6+ Kd5 50. Nb5 e4+ 51. Kxg3 Kc4 52. Nxa7 Kd3 53. Nc8 Kd2 54. Nd6 e3 55. b5 e2 56. Nc4+ Kd1 57. Ne3+ Kd2 58. Ng2 Kd1 59. Kf2 Kd2 60. b6 e1Q+ 61. Nxe1 Kc1 62. b7 1-0

[Event "IECC KO email"]
[Site "IECC email"]
[Date "2001.08.14"]
[Round "?"]
[White "Robinson, Keith"]
[Black "Fuentes, Javier"]
[Result "0-1"]
[WhiteElo "1059"]
[BlackElo "1187"]
[PlyCount "30"]
[EventDate "2001.??.??"]
[EventType "tourn (corr)"]
[EventRounds "6"]
[SourceTitle "Corr 2008"]
[Source "ChessBase"]
[SourceDate "2008.06.24"]
[SourceVersion "1"]
[SourceVersionDate "2008.06.24"]
[SourceQuality "1"]

1. e4 c6 2. d4 d5 3. e5 Bf5 4. Nf3 e6 5. Nbd2 Nd7 6. Nb3 Rc8 7. Be3 Ne7 8. Ng5 h6 9. Qh5 g6 10. Qh4 Bxc2 11. Nc5 Nf5 12. Nxb7 Qb6 13. Qh3 Qxb2 14. Rc1 Bb4+ 15. Bd2 Qxc1+ 0-1

[Event "IECC M email"]
[Site "IECC email"]
[Date "2001.02.17"]
[Round "?"]
[White "Robinson, Keith"]
[Black "Dixon, Bob"]
[Result "0-1"]
[WhiteElo "1092"]
[BlackElo "1058"]
[PlyCount "124"]
[EventDate "2001.??.??"]
[EventType "tourn (corr)"]
[EventRounds "6"]
[SourceTitle "Corr 2008"]
[Source "ChessBase"]
[SourceDate "2008.06.24"]
[SourceVersion "1"]
[SourceVersionDate "2008.06.24"]
[SourceQuality "1"]

1. e4 e5 2. Nf3 Nc6 3. Bb5 a6 4. Bxc6 dxc6 5. Nxe5 Qd4 6. Nf3 Qxe4+ 7. Qe2 Qxe2+ 8. Kxe2 c5 9. Re1 Bd6 10. Kf1+ Ne7 11. Nc3 0-0 12. Ne4 Re8 13. d3 Be6 14. Neg5 Bd5 15. c4 Bxf3 16. Nxf3 Nf5 17. Bd2 Nd4 18. Nxd4 cxd4 19. g3 c5 20. a3 b6 21. b4 Rab8 22. bxc5 Rxe1+ 23. Rxe1 bxc5 24. a4 h6 25. Bf4 Bxf4 26. gxf4 Rb3 27. Re8+ Kh7 28. Ke2 Rb1 29. Rc8 Rh1 30. Rxc5 Rxh2 31. Ra5 Rh4 32. Kf3 f6 33. Rxa6 Rh1 34. Ke4 h5 35. Ra5 g6 36. Ra7+ Kg8 37. Ra8+ Kg7 38. Kxd4 h4 39. Ra7+ Kg8 40. Ra6 h3 41. Re6 h2 42. Re3 Ra1 43. Rh3 h1Q 44. Rxh1 Rxh1 45. c5 Kf8 46. Kd5 Ke7 47. a5 Kd7 48. c6+ Kc7 49. d4 Rc1 50. a6 Rxc6 51. a7 Ra6 52. f5 gxf5 53. f3 Rxa7 54. Ke6 Kc6 55. d5+ Kc5 56. d6 Kc6 57. f4 Rd7 58. Kxf6 Rxd6+ 59. Kxf5 Kd7 60. Ke5 Ke7 61. f5 Ra6 62. Kd4 Kf6 0-1

[Event "IECC KO email"]
[Site "IECC email"]
[Date "2000.05.17"]
[Round "?"]
[White "Robinson, Keith"]
[Black "Baker, David A"]
[Result "0-1"]
[WhiteElo "1175"]
[BlackElo "1075"]
[PlyCount "25"]
[EventDate "2000.??.??"]
[EventType "tourn (corr)"]
[EventRounds "6"]
[SourceTitle "Corr 2008"]
[Source "ChessBase"]
[SourceDate "2008.06.24"]
[SourceVersion "1"]
[SourceVersionDate "2008.06.24"]
[SourceQuality "1"]

1. e4 e5 2. Nf3 d5 3. exd5 Qxd5 4. Nc3 Qa5 5. Qe2 f6 6. d4 Nc6 7. Bd2 Bb4 8. a3 Bxc3 9. Bxc3 Qd5 10. dxe5 fxe5 11. Nxe5 Nxe5 12. Bxe5 c6 13. Bxg7+ 0-1

[Event "IECC Y2KO email"]
[Site "IECC email"]
[Date "1999.10.14"]
[Round "?"]
[White "Smith, James V"]
[Black "Robinson, Keith"]
[Result "1-0"]
[WhiteElo "1788"]
[BlackElo "1171"]
[PlyCount "63"]
[EventDate "1999.??.??"]
[EventType "tourn (corr)"]
[EventRounds "2"]
[SourceTitle "Corr 2008"]
[Source "ChessBase"]
[SourceDate "2008.06.24"]
[SourceVersion "1"]
[SourceVersionDate "2008.06.24"]
[SourceQuality "1"]

1. e4 e5 2. f4 exf4 3. Bc4 Nf6 4. Nc3 c6 5. d4 Bb4 6. e5 Ne4 7. Qh5 g6 8. Qf3 Qa5 9. Qxe4 Bxc3+ 10. Kf2 b5 11. Bb3 Bd2 12. Nf3 Bxc1 13. Raxc1 g5 14. Nxg5 Qd2+ 15. Kf3 Bb7 16. Bxf7+ Ke7 17. Bb3 h6 18. Rcd1 Qe3+ 19. Qxe3 c5+ 20. Qe4 Bxe4+ 21. Nxe4 c4 22. Bxc4 bxc4 23. Kxf4 Rf8+ 24. Ke3 Nc6 25. c3 Rab8 26. Rd2 Kd8 27. Nd6 Na5 28. Re1 Rb6 29. Ree2 Rf1 30. Rf2 Re1+ 31. Rde2 Ra1 32. Rf8+ 1-0

[Event "IECC KO email"]
[Site "IECC email"]
[Date "1999.09.10"]
[Round "?"]
[White "Robinson, Keith"]
[Black "Schrepfer, Jeff"]
[Result "1-0"]
[WhiteElo "1175"]
[BlackElo "841"]
[PlyCount "57"]
[EventDate "1999.??.??"]
[EventType "tourn (corr)"]
[EventRounds "6"]
[SourceTitle "Corr 2008"]
[Source "ChessBase"]
[SourceDate "2008.06.24"]
[SourceVersion "1"]
[SourceVersionDate "2008.06.24"]
[SourceQuality "1"]

1. e4 e5 2. Nf3 Nc6 3. Bb5 a6 4. Bxc6 bxc6 5. Nxe5 Qe7 6. d4 c5 7. Bf4 d6 8. Nf3 Qxe4+ 9. Qe2 Qxe2+ 10. Kxe2 Bg4 11. dxc5 dxc5 12. Bxc7 Bxf3+ 13. Kxf3 Nf6 14. Re1+ Be7 15. Bd6 Ra7 16. Bxc5 Rd7 17. Nc3 Kf8 18. Bxe7+ Rxe7 19. Rxe7 Kxe7 20. Re1+ Kd7 21. Ne4 Nd5 22. Nc5+ Kc6 23. Nxa6 Ra8 24. c4 Nf6 25. Nb4+ Kc5 26. a3 g5 27. Re5+ Kxc4 28. Rxg5 Kd4 29. Rf5 1-0

[Event "IECC KO email"]
[Site "IECC email"]
[Date "1999.09.10"]
[Round "?"]
[White "Schrepfer, Jeff"]
[Black "Robinson, Keith"]
[Result "0-1"]
[WhiteElo "899"]
[BlackElo "1156"]
[PlyCount "28"]
[EventDate "1999.??.??"]
[EventType "tourn (corr)"]
[EventRounds "6"]
[SourceTitle "Corr 2008"]
[Source "ChessBase"]
[SourceDate "2008.06.24"]
[SourceVersion "1"]
[SourceVersionDate "2008.06.24"]
[SourceQuality "1"]

1. e4 e5 2. Nf3 d5 3. exd5 Qxd5 4. Nc3 Qc5 5. Qe2 Nc6 6. Qe3 Bf5 7. Bb5 a6 8. Bxc6+ Qxc6 9. Qxe5+ Ne7 10. Nd4 Qxg2 11. Rf1 Bh3 12. Qe2 Qxh2 13. Qh5 g6 14. Qh4 Qg2 0-1

[Event "IECC Trio 771 email"]
[Site "IECC email"]
[Date "1999.07.26"]
[Round "?"]
[White "Hulse, David"]
[Black "Robinson, Keith"]
[Result "1-0"]
[WhiteElo "1311"]
[BlackElo "1165"]
[PlyCount "77"]
[EventDate "1999.??.??"]
[EventType "tourn (corr)"]
[EventRounds "4"]
[SourceTitle "Corr 2008"]
[Source "ChessBase"]
[SourceDate "2008.06.24"]
[SourceVersion "1"]
[SourceVersionDate "2008.06.24"]
[SourceQuality "1"]

1. e4 e5 2. Nf3 d5 3. d4 dxe4 4. Nxe5 Qf6 5. Bc4 Be6 6. b3 Bd6 7. Bb2 Nd7 8. Ng4 Qg6 9. h3 Ngf6 10. Ne3 Bf4 11. Bxe6 fxe6 12. 0-0 Nd5 13. Bc1 Qg5 14. Qg4 Qxg4 15. Nxg4 h5 16. Ne3 Nb4 17. Na3 g5 18. g3 Bd6 19. Nac4 Nf6 20. a3 Nc6 21. Bb2 Rf8 22. Rad1 0-0-0 23. d5 Nxd5 24. Nxd5 Bc5 25. Nde3 Bd4 26. c3 Bxe3 27. Rxd8+ Kxd8 28. fxe3 Rf5 29. a4 Rd5 30. Na3 Rd3 31. Nc4 Ke8 32. b4 Rd5 33. Rf6 Ke7 34. Rh6 g4 35. hxg4 hxg4 36. Rg6 Ne5 37. Nxe5 Rxe5 38. c4 c5 39. Bxe5 1-0

[Event "IECC Trio 771 email"]
[Site "IECC email"]
[Date "1999.07.26"]
[Round "?"]
[White "Robinson, Keith"]
[Black "Mottershead, Richard"]
[Result "1-0"]
[WhiteElo "1179"]
[BlackElo "1176"]
[PlyCount "143"]
[EventDate "1999.??.??"]
[EventType "tourn (corr)"]
[EventRounds "4"]
[SourceTitle "Corr 2008"]
[Source "ChessBase"]
[SourceDate "2008.06.24"]
[SourceVersion "1"]
[SourceVersionDate "2008.06.24"]
[SourceQuality "1"]

1. e4 c5 2. d4 cxd4 3. Qxd4 Nc6 4. Qc4 e6 5. Nf3 g6 6. Ng5 Bg7 7. Qb3 h6 8. Nf3 Nge7 9. Nbd2 a6 10. Nc4 d5 11. Nb6 Rb8 12. Nxc8 Nxc8 13. Bf4 Na5 14. Bb5+ Ke7 15. Qb4+ Nd6 16. e5 axb5 17. exd6+ Kf8 18. d7+ Kg8 19. Bxb8 Nc6 20. Qxb5 Nxb8 21. Qxb7 Nxd7 22. 0-0 Kh7 23. a4 Rf8 24. a5 Nc5 25. Qb5 Qc7 26. a6 Ra8 27. Ra2 Rb8 28. Qa5 Qxa5 29. Rxa5 Nd7 30. a7 Ra8 31. b4 Bc3 32. Rb1 Nb6 33. Rb3 Nc4 34. Ra6 Bf6 35. b5 Bd8 36. Nd4 Bb6 37. Nc6 h5 38. Rf3 Kg7 39. Nb8 Rxa7 40. Rxa7 Bxa7 41. Nc6 Bc5 42. Nd8 Ne5 43. Rb3 Nc4 44. Nb7 Bb6 45. h3 f5 46. g3 Kf6 47. Kg2 g5 48. f4 g4 49. hxg4 hxg4 50. c3 Ke7 51. Rb1 Kd7 52. Rh1 Ke7 53. Rh7+ Kf6 54. Rd7 Kg6 55. Nd6 Ne3+ 56. Kh1 Ba5 57. Ne8 Nf1 58. Re7 Nxg3+ 59. Kg2 Ne4 60. Rxe6+ Kf7 61. Ra6 Bd8 62. Nd6+ Kf8 63. Nxe4 dxe4 64. b6 e3 65. b7 Bc7 66. Kg3 e2 67. Re6 Kf7 68. Rxe2 Kf6 69. Rb2 Bb8 70. c4 Ke6 71. Rd2 Ke7 72. c5 1-0

[Event "IECC Trio 733 email"]
[Site "IECC email"]
[Date "1999.04.25"]
[Round "?"]
[White "Ellis, Roscoe"]
[Black "Robinson, Keith"]
[Result "0-1"]
[WhiteElo "1056"]
[BlackElo "1149"]
[PlyCount "72"]
[EventDate "1999.??.??"]
[EventType "tourn (corr)"]
[EventRounds "4"]
[SourceTitle "Corr 2008"]
[Source "ChessBase"]
[SourceDate "2008.06.24"]
[SourceVersion "1"]
[SourceVersionDate "2008.06.24"]
[SourceQuality "1"]

1. e4 e5 2. Nf3 d5 3. exd5 Qxd5 4. Nc3 Qc5 5. Ne4 Qb4 6. Bd3 Nc6 7. c3 Qb6 8. 0-0 Be6 9. Nfg5 0-0-0 10. Nxe6 fxe6 11. Qf3 Nge7 12. Bc4 Na5 13. b3 Ng6 14. Ng5 Nxc4 15. bxc4 Rd7 16. Qe3 Bc5 17. d4 exd4 18. Qf3 dxc3 19. Qxc3 Bd4 20. Qb3 Qxb3 21. axb3 Bxa1 22. Ba3 Bc3 23. g3 e5 24. Ne4 Bd4 25. c5 h5 26. h4 Rf7 27. Ng5 Rf5 28. Ne6 Rg8 29. b4 Ne7 30. Kg2 Nd5 31. b5 g6 32. b6 axb6 33. cxb6 Bxb6 34. Rd1 Rxf2+ 35. Kh3 Ne3 36. Rd3 Nf1 0-1

[Event "IECC Trio 733 email"]
[Site "IECC email"]
[Date "1999.04.25"]
[Round "?"]
[White "Robinson, Keith"]
[Black "Karlsson, Roger"]
[Result "1-0"]
[WhiteElo "1100"]
[BlackElo "951"]
[PlyCount "60"]
[EventDate "1999.??.??"]
[EventType "tourn (corr)"]
[EventRounds "4"]
[SourceTitle "Corr 2008"]
[Source "ChessBase"]
[SourceDate "2008.06.24"]
[SourceVersion "1"]
[SourceVersionDate "2008.06.24"]
[SourceQuality "1"]

1. e4 c5 2. d4 cxd4 3. Qxd4 Nc6 4. Qc4 e6 5. Nf3 d5 6. Qd3 Be7 7. exd5 exd5 8. Nd4 Nxd4 9. Qxd4 a6 10. Qxg7 Bf6 11. Qg3 Qe7+ 12. Be2 Be5 13. Qb3 Bg4 14. Qa4+ Bd7 15. Qa5 Nf6 16. 0-0 Rg8 17. Nc3 Bh3 18. Bf3 b6 19. Qxb6 Qe6 20. Qxe6+ fxe6 21. Re1 Ng4 22. Bxg4 Bxc3 23. Rxe6+ Kd7 24. Bxh3 Bd4 25. Re4+ Kd6 26. Rxd4 Rae8 27. Bf4+ Kc5 28. c3 a5 29. Be3 Kd6 30. c4 Re4 1-0

[Event "IECC Trio 714 email"]
[Site "IECC email"]
[Date "1999.03.28"]
[Round "?"]
[White "Gorissen, Peter"]
[Black "Robinson, Keith"]
[Result "1-0"]
[WhiteElo "1266"]
[BlackElo "1098"]
[PlyCount "71"]
[EventDate "1999.??.??"]
[EventType "tourn (corr)"]
[EventRounds "4"]
[SourceTitle "Corr 2008"]
[Source "ChessBase"]
[SourceDate "2008.06.24"]
[SourceVersion "1"]
[SourceVersionDate "2008.06.24"]
[SourceQuality "1"]

1. e4 e5 2. Nf3 d5 3. exd5 Qxd5 4. d4 Nc6 5. c4 Qe4+ 6. Be3 Bf5 7. Nbd2 Bb4 8. d5 Nd4 9. Nxd4 exd4 10. Qa4+ Bd7 11. Qxb4 Qe5 12. Nf3 Qe4 13. Qxb7 Rc8 14. Nxd4 Ne7 15. Qxa7 c5 16. Nb3 Qe5 17. 0-0-0 Bg4 18. d6 Rd8 19. Qa4+ Bd7 20. dxe7 Qxe7 21. Qa7 0-0 22. Nxc5 Ra8 23. Qxd7 Qf6 24. Rd6 Qe5 25. Rd5 Qb8 26. a3 Re8 27. Bd3 Ra7 28. Qh3 h6 29. Qf5 g6 30. Qf6 g5 31. Qxh6 f6 32. Nd7 Rxd7 33. Rxd7 Qxb2+ 34. Kxb2 Rb8+ 35. Kc3 Rb3+ 36. Kxb3 1-0